000 01253namaa2200313 i 4500
003 EG-GICUC
005 20260608104049.0
008 260608s2003 ua ak||jr|||| 000 0 ara d
017 _a2002 / 13392
_bدار الكتب والوثائق القومية (مصر)
040 _aEG-GiCUC
_bara
_cEG-GiCUC
_dEG-GiCUC
_erda
082 0 4 _221
_a720.962
_bF252
092 0 4 _221
_a720.962
_bF252
099 _a720.962 F252
100 1 _aفتحى، حسن
_eمؤلف.
245 1 _aمن فكر شيخ المعماريين حسن فتحى/
_cحسن فتحى ؛ إعداد ومراجعة يحيى الزينى.
250 _aالطبعة الاولى
264 _aالقاهرة (مصر) :
_bالمجلس الأعلى للثقافة،
_c2003.
300 _a141 صفحة :
_bإيضاحيات، صور، اشكال ؛
_c24 سم
336 _2rdacontent
_atext
337 _2rdamedia
_aUnmediated
338 _2rdacarrier
_avolume
504 _aيشتمل على ارجاعات ببليوجرافية.
541 _aوزارة الثقافة ؛
_bالقاهرة ؛
_cإهداء ؛
_d2023.
650 1 7 _aالعمارة
_zمصر
_2qrmak
651 1 _2qrmak
700 1 _aالزينى، يحيى
_eمعد.
_eمراجع.
905 _aAya
942 _2ddc
_cBK
_e21
_n0
999 _c180411
_d180411